Know your Constitution (Record no. 8657)

MARC details
000 -LEADER
fixed length control field 00277nam a22001097a 4500
008 - FIXED-LENGTH DATA ELEMENTS--GENERAL INFORMATION
fixed length control field 210304b ||||| |||| 00| 0 eng d
082 ## - DEWEY DECIMAL CLASSIFICATION NUMBER
Classification number 342.54 KNO
245 ## - TITLE STATEMENT
Title Know your Constitution
260 ## - PUBLICATION, DISTRIBUTION, ETC.
Place of publication, distribution, etc. Thimphu :
Name of publisher, distributor, etc. Kuensel Corporation,
Date of publication, distribution, etc. 2019.
300 ## - PHYSICAL DESCRIPTION
Extent 62 p.
Dimensions 21 cm.
942 ## - Added entry Elements (Koha)
Source of classification or shelving scheme Dewey Decimal Classification
Holdings
Withdrawn status Lost status Source of classification or shelving scheme Damaged status Not for loan Collection code Home library Current library Shelving location Date acquired Serial Enumeration / chronology Total Checkouts Total Renewals Full call number Barcode Date last seen Date last checked out Price effective from Koha item type
    Dewey Decimal Classification     Main TEST RTC Library RTC Library Main opac 04/03/2021 14928 2 5 342.54 KNO 30014101 28/06/2024 22/04/2024 04/03/2021 Main
    Dewey Decimal Classification     Main TEST RTC Library RTC Library Main opac 04/03/2021 14926 5 2 342.54 KNO 30014085 28/06/2025 24/02/2025 04/03/2021 Main
Royal Thimphu College || All Right Reserved